[Event "IBCA EU-chT blind 2nd"]
[Site "Calimanesti"]
[Date "2019.10.06"]
[Round "2.3"]
[White "Czajkowski, Adam"]
[Black "Janjic, Stefan"]
[Result "1/2-1/2"]
[WhiteElo "2226"]
[BlackElo "2127"]
[PlyCount "128"]
[EventDate "2019.10.05"]
[EventType "team-swiss"]
[EventRounds "9"]
[EventCountry "ROU"]
[SourceTitle "CBM 192 Extra"]
[Source "Chessbase"]
[SourceDate "2019.11.06"]
[SourceVersion "1"]
[SourceVersionDate "2019.11.06"]
[SourceQuality "1"]
[WhiteTeam "Poland II"]
[BlackTeam "Serbia"]
[WhiteTeamCountry "POL"]
[BlackTeamCountry "SRB"]

1. e4 e6 2. d3 c5 3. g3 Nc6 4. Bg2 g6 5. Ne2 Bg7 6. c4 Nge7 7. Nbc3 0-0 8. 0-0 d6 9. Rb1 Bd7 10. a3 Rb8 11. b4 Nd4 12. Nxd4 cxd4 13. Ne2 b5 14. Bb2 Nc6 15. Qc2 a5 16. Ba1 axb4 17. axb4 Qb6 18. c5 dxc5 19. bxc5 Qa7 20. e5 Bxe5 21. Bxc6 Bxc6 22. Bxd4 Qd7 23. Rb4 Qd5 24. f3 Rfd8 25. Kg2 Bxd4 26. Nxd4 Ra8 27. Rf2 Ra5 28. Qb3 Qxb3 29. Nxb3 Ra4 30. Rxa4 bxa4 31. Na5 Bd5 32. Rb2 a3 33. Rb4 a2 34. Ra4 Ra8 35. c6 Kf8 36. c7 Rc8 37. Nc4 Bxc4 38. dxc4 Rxc7 39. Kf2 a1Q 40. Rxa1 Rxc4 41. Ra2 Rc3 42. h3 Kg7 43. Ra4 Rc2+ 44. Ke3 g5 45. h4 h6 46. hxg5 hxg5 47. Ra5 f5 48. Ra4 Rg2 49. g4 f4+ 50. Kd4 Rd2+ 51. Kc4 Re2 52. Ra3 Rd2 53. Rb3 Kf6 54. Ra3 Ke5 55. Ra5+ Kf6 56. Ra3 Rd5 57. Ra7 Re5 58. Ra3 Re2 59. Rb3 e5 60. Rb6+ Kf7 61. Kd5 e4 62. Rb7+ Kf6 63. Rb6+ Kf7 64. Rb7+ Kf6 1/2-1/2

[Event "Paracin Summer op-A 12th"]
[Site "Paracin"]
[Date "2019.07.06"]
[Round "2"]
[White "Bojicic, Andjela"]
[Black "Janjic, Stefan"]
[Result "1/2-1/2"]
[WhiteElo "1948"]
[BlackElo "2164"]
[PlyCount "40"]
[EventDate "2019.07.05"]
[EventType "swiss"]
[EventRounds "9"]
[EventCountry "SRB"]
[SourceTitle "EXT 2020"]
[Source "ChessBase"]
[SourceDate "2019.10.17"]
[SourceVersion "1"]
[SourceVersionDate "2019.10.17"]
[SourceQuality "1"]

1. d4 d5 2. c4 e6 3. Nc3 Nf6 4. cxd5 exd5 5. Bg5 c6 6. e3 Qb6 7. Qb3 Qxb3 8. axb3 Bf5 9. Bxf6 gxf6 10. Kd2 Bd6 11. Nge2 Bg6 12. h4 h5 13. g3 Nd7 14. Nf4 a6 15. Be2 0-0-0 16. Nd3 f5 17. Nf4 Nf6 18. Rae1 Ng8 19. Nd3 Re8 20. Rhf1 Nf6 1/2-1/2

[Event "Paracin Summer op-A 12th"]
[Site "Paracin"]
[Date "2019.07.06"]
[Round "3"]
[White "Janjic, Stefan"]
[Black "Munkhzul, Davaakhuu"]
[Result "1/2-1/2"]
[WhiteElo "2164"]
[BlackElo "1863"]
[PlyCount "69"]
[EventDate "2019.07.05"]
[EventType "swiss"]
[EventRounds "9"]
[EventCountry "SRB"]
[SourceTitle "EXT 2020"]
[Source "ChessBase"]
[SourceDate "2019.10.17"]
[SourceVersion "1"]
[SourceVersionDate "2019.10.17"]
[SourceQuality "1"]

1. d4 d5 2. c4 Nc6 3. e3 e5 4. cxd5 Qxd5 5. Nc3 Bb4 6. Bd2 Bxc3 7. bxc3 Nf6 8. c4 Qd6 9. d5 Ne7 10. Qb3 a5 11. Bd3 0-0 12. Ne2 Bf5 13. Ng3 e4 14. Be2 Bg6 15. Bc3 b6 16. Qb2 Ne8 17. Nh5 Bxh5 18. Bxh5 Qh6 19. Be2 f5 20. 0-0 Nd6 21. Be5 Ng6 22. Bxd6 cxd6 23. Qxb6 f4 24. exf4 Nxf4 25. Qe3 Qg6 26. g3 Nh3+ 27. Kg2 Ng5 28. Rac1 Nf3 29. h3 Rae8 30. c5 dxc5 31. Rxc5 Re5 32. Rc6 Qe8 33. Rfc1 h5 34. d6 Qd7 35. h4 1/2-1/2